000
00261nam a2200109Ia 4500
008
240625s9999 xx 000 0 und d
041
_a
eng
082
_a
828 HAS
100
_a
HASAN MUSHIRUL
245
_a
FROM GHALIB S DILLI TO LUTYENS NEW DELHI
260
_c
2014
999
_c
35090
_d
35090